000 00660nam a2200253Ia 4500
003 OSt
005 20220918201843.0
006 a|||||r|||| 00| 0
007 ta
008 220917b |||||||| |||| 00| 0 eng d
024 _a96,968
037 _cTextual
040 _aARTS
_cARTS
_beng
041 _2eng
_aeng
082 _aV2:2.N9, M7
100 _aDube M P
_9101017
245 0 _aRole of Supreme Court in Indian constitution
260 _aNew Delhi
_bDeep and Deep
_c1987
300 _a208p.
_ccm.
500 _aBibliography p203--206
650 _aHISTORY
942 _hV2:2.N9, M7
_cTEXL
_2CC
999 _c220568
_d220568